[Event "RUS-ch Boys U21 2020"]
[Site "Moscow"]
[Date "2020.12.08"]
[Round "1"]
[White "Lobanov, Sergei"]
[Black "Nesterov, Arseniy"]
[Result "1-0"]
[WhiteElo "2522"]
[BlackElo "2498"]
[Annotator "broadcasts"]
[PlyCount "143"]
[EventDate "2020.12.08"]
[EventType "tourn"]
[EventCountry "RUS"]

1. e4 {[%emt 0:00:00]} e5 {[%emt 0:03:41]} 2. Nf3 {[%emt 0:00:00]} Nc6 {[%emt 0:00:11]} 3. Bb5 {[%emt 0:00:11]} Nf6 {[%emt 0:00:07]} 4. O-O {[%emt 0:00:29]} Nxe4 {[%emt 0:00:07]} 5. d4 {[%emt 0:00:45]} Nd6 {[%emt 0:00:09]} 6. dxe5 {[%emt 0:00:31]} Nxb5 {[%emt 0:00:06]} 7. a4 {[%emt 0:00:05]} Nbd4 {[%emt 0:00:12]} 8. Nxd4 {[%emt 0:00:07]} Nxd4 {[%emt 0:00:04]} 9. Qxd4 {[%emt 0:00:07]} d5 {[%emt 0:00:06]} 10. Qd3 {[%emt 0:02:05]} c6 {[%emt 0:06:15]} 11. a5 {[%emt 0:00:07]} Qd7 {[%emt 0:05:59]} 12. Be3 {[%emt 0:00:31]} Be7 {[%emt 0:01:04]} 13. Qc3 {[%emt 0:04:40]} O-O {[%emt 0:04:49]} 14. Nd2 {[%emt 0:00:15]} Qe6 {[%emt 0:13:50]} 15. b4 {[%emt 0:12:29]} Qg6 {[%emt 0:16:14]} 16. Bc5 {[%emt 0:00:53]} Bxc5 {[%emt 0:01:54]} 17. bxc5 {[%emt 0:00:02]} d4 {[%emt 0:14:26]} 18. Qxd4 {[%emt 0:25:01]} Bh3 {[%emt 0:00:34]} 19. Qe4 {[%emt 0:00:05]} Bf5 {[%emt 0:00:13]} 20. Qe3 {[%emt 0:00:12]} Bxc2 {[%emt 0:00:11]} 21. Rfe1 {[%emt 0:03:29]} Bd3 {[%emt 0:03:47]} 22. Ra4 {[%emt 0:04:10]} Rad8 {[%emt 0:03:39]} 23. Rd4 {[%emt 0:00:53]} Rxd4 {[%emt 0:02:18]} 24. Qxd4 {[%emt 0:00:11]} h6 {[%emt 0:03:26]} 25. Re3 {[%emt 0:04:07]} Bf5 {[%emt 0:02:52]} 26. h3 {[%emt 0:02:15]} Be6 {[%emt 0:05:32]} 27. Ne4 {[%emt 0:12:40]} Kh8 {[%emt 0:03:56]} 28. Rg3 {[%emt 0:09:51]} Qh5 {[%emt 0:01:13]} 29. Nd6 {[%emt 0:00:08]} f6 {[%emt 0:03:30]} 30. exf6 {[%emt 0:01:21]} Rxf6 {[%emt 0:00:01]} 31. Kh2 {[%emt 0:04:24]} Rg6 {[%emt 0:02:35]} 32. Rxg6 {[%emt 0:02:56]} Qxg6 {[%emt 0:00:01]} 33. Nxb7 {[%emt 0:00:13]} Bd5 {[%emt 0:00:05]} 34. f3 {[%emt 0:00:31]} Qc2 {[%emt 0:00:20]} 35. Qe3 {[%emt 0:02:34]} Qa4 {[%emt 0:00:49]} 36. Qc3 {[%emt 0:02:03]} Qf4+ {[%emt 0:01:44]} 37. Kg1 {[%emt 0:00:21]} Qg5 {[%emt 0:00:45]} 38. Nd6 {[%emt 0:00:43]} Kg8 {[%emt 0:00:48]} 39. Kf1 {[%emt 0:02:10]} a6 {[%emt 0:01:06]} 40. Qd4 {[%emt 0:00:00]} Qc1+ {[%emt 0:00:00]} 41. Kf2 {[%emt 0:04:23]} Qb1 {[%emt 0:02:33]} 42. Qc3 {[%emt 0:02:52]} Qg6 {[%emt 0:01:36]} 43. h4 {[%emt 0:01:11]} Qe6 {[%emt 0:01:01]} 44. h5 {[%emt 0:06:49]} Qe7 {[%emt 0:03:24]} 45. Nf5 {[%emt 0:00:47]} Qg5 {[%emt 0:00:15]} 46. g4 {[%emt 0:07:15]} Be6 {[%emt 0:00:25]} 47. Qe3 {[%emt 0:01:25]} Qf6 {[%emt 0:00:40]} 48. Nd4 {[%emt 0:00:15]} Bd5 {[%emt 0:00:17]} 49. Kg3 {[%emt 0:01:39]} Kh8 {[%emt 0:01:48]} 50. f4 {[%emt 0:02:34]} Qf7 {[%emt 0:03:13]} 51. Qe5 {[%emt 0:00:36]} Qb7 {[%emt 0:01:59]} 52. Nf5 {[%emt 0:00:43]} Kh7 {[%emt 0:00:45]} 53. Kh4 {[%emt 0:02:47]} Ba2 {[%emt 0:03:37]} 54. g5 {[%emt 0:04:58]} hxg5+ {[%emt 0:00:14]} 55. Kxg5 {[%emt 0:00:24]} Bb1 {[%emt 0:01:15]} 56. h6 {[%emt 0:01:31]} gxh6+ {[%emt 0:02:08]} 57. Nxh6 {[%emt 0:00:06]} Qd7 {[%emt 0:04:04]} 58. Ng4 {[%emt 0:00:07]} Qf7 {[%emt 0:00:09]} 59. Nf6+ {[%emt 0:00:48]} Kg7 {[%emt 0:01:35]} 60. Nd5+ {[%emt 0:02:44]} Kh7 {[%emt 0:01:10]} 61. Qe7 {[%emt 0:00:58]} Kg7 {[%emt 0:00:02]} 62. Qxf7+ {[%emt 0:00:39]} Kxf7 {[%emt 0:00:01]} 63. Nc3 {[%emt 0:01:04]} Bc2 {[%emt 0:00:42]} 64. f5 {[%emt 0:00:03]} Bd3 {[%emt 0:01:06]} 65. Kf4 {[%emt 0:00:15]} Kf6 {[%emt 0:00:42]} 66. Ne4+ {[%emt 0:00:05]} Ke7 {[%emt 0:00:06]} 67. Ke5 {[%emt 0:00:03]} Bc2 {[%emt 0:00:37]} 68. Ng5 {[%emt 0:00:46]} Bd3 {[%emt 0:00:19]} 69. f6+ {[%emt 0:00:39]} Kd7 {[%emt 0:00:37]} 70. Ne6 {[%emt 0:00:06]} Ke8 {[%emt 0:00:11]} 71. Nd4 {[%emt 0:00:05]} Kd7 {[%emt 0:00:19]} 72. Nxc6 {[%emt 0:00:09]} 1-0

[Event "RUS-ch Boys U21 2020"]
[Site "Moscow"]
[Date "2020.12.08"]
[Round "1"]
[White "Salemgareev, Tagir"]
[Black "Triapishko, Alexandr"]
[Result "1/2-1/2"]
[WhiteElo "2463"]
[BlackElo "2506"]
[Annotator "broadcasts"]
[PlyCount "84"]
[EventDate "2020.12.08"]
[EventType "tourn"]
[EventCountry "RUS"]

1. d4 {[%emt 0:00:00]} Nf6 {[%emt 0:02:47]} 2. c4 {[%emt 0:00:00]} e6 {[%emt 0:00:44]} 3. Nf3 {[%emt 0:00:00]} d5 {[%emt 0:01:10]} 4. g3 {[%emt 0:00:00]} dxc4 {[%emt 0:00:40]} 5. Bg2 {[%emt 0:00:08]} Nc6 {[%emt 0:00:11]} 6. Qa4 {[%emt 0:01:05]} Nd7 {[%emt 0:01:33]} 7. Qxc4 {[%emt 0:00:26]} Nb6 {[%emt 0:00:17]} 8. Qd3 {[%emt 0:00:18]} e5 {[%emt 0:00:11]} 9. Be3 {[%emt 0:01:32]} Nb4 {[%emt 0:07:39]} 10. Qb5+ {[%emt 0:03:48]} c6 {[%emt 0:04:58]} 11. Qxe5+ {[%emt 0:00:13]} Be7 {[%emt 0:00:17]} 12. Na3 {[%emt 0:01:00]} O-O {[%emt 0:02:41]} 13. Qa5 {[%emt 0:06:53]} Re8 {[%emt 0:25:43]} 14. O-O {[%emt 0:20:15]} Qd5 {[%emt 0:23:36]} 15. Qxd5 {[%emt 0:00:31]} N4xd5 {[%emt 0:00:06]} 16. Bd2 {[%emt 0:08:34]} Bxa3 {[%emt 0:05:40]} 17. bxa3 {[%emt 0:01:13]} Rxe2 {[%emt 0:00:22]} 18. Rfe1 {[%emt 0:00:08]} Rxe1+ {[%emt 0:01:22]} 19. Rxe1 {[%emt 0:00:07]} f6 {[%emt 0:02:41]} 20. Bf1 {[%emt 0:01:47]} Bg4 {[%emt 0:03:46]} 21. Kg2 {[%emt 0:02:25]} Rd8 {[%emt 0:03:15]} 22. Ba5 {[%emt 0:03:03]} Bxf3+ {[%emt 0:09:11]} 23. Kxf3 {[%emt 0:00:07]} Kf7 {[%emt 0:00:13]} 24. Bd3 {[%emt 0:15:42]} g6 {[%emt 0:00:17]} 25. Bc2 {[%emt 0:00:29]} Rd7 {[%emt 0:02:07]} 26. Bb3 {[%emt 0:01:26]} Nc8 {[%emt 0:00:07]} 27. Bb4 {[%emt 0:16:56]} Nd6 {[%emt 0:00:17]} 28. Bc5 {[%emt 0:01:35]} b6 {[%emt 0:01:31]} 29. Bxd6 {[%emt 0:05:18]} Rxd6 {[%emt 0:00:03]} 30. h4 {[%emt 0:01:03]} f5 {[%emt 0:01:01]} 31. Re5 {[%emt 0:02:24]} Rd8 {[%emt 0:00:32]} 32. a4 {[%emt 0:06:40]} Kf6 {[%emt 0:00:05]} 33. Bxd5 {[%emt 0:00:44]} Rxd5 {[%emt 0:00:11]} 34. Rxd5 {[%emt 0:00:06]} cxd5 {[%emt 0:00:03]} 35. Kf4 {[%emt 0:00:54]} h6 {[%emt 0:00:20]} 36. g4 {[%emt 0:00:24]} g5+ {[%emt 0:01:32]} 37. hxg5+ {[%emt 0:00:05]} hxg5+ {[%emt 0:00:06]} 38. Kg3 {[%emt 0:00:09]} f4+ {[%emt 0:01:00]} 39. Kf3 {[%emt 0:00:06]} Ke6 {[%emt 0:00:36]} 40. Ke2 {[%emt 0:00:00]} Kd6 {[%emt 0:00:00]} 41. Kd3 {[%emt 0:00:09]} Kc6 {[%emt 0:01:02]} 42. Kc3 {[%emt 0:00:06]} a5 {[%emt 0:03:05]} 1/2-1/2

[Event "RUS-ch Boys U21 2020"]
[Site "Moscow"]
[Date "2020.12.08"]
[Round "1"]
[White "Gaifullin, Artur"]
[Black "Smirnov, Timofey"]
[Result "1/2-1/2"]
[WhiteElo "2460"]
[BlackElo "2394"]
[Annotator "broadcasts"]
[PlyCount "79"]
[EventDate "2020.12.08"]
[EventType "tourn"]
[EventCountry "RUS"]

1. Nf3 {[%emt 0:00:00]} d5 {[%emt 0:00:00]} 2. c4 {[%emt 0:00:00]} d4 {[%emt 0:00:00]} 3. g3 {[%emt 0:00:00]} Nc6 {[%emt 0:00:01]} 4. Bg2 {[%emt 0:00:00]} e5 {[%emt 0:00:06]} 5. d3 {[%emt 0:00:03]} Nf6 {[%emt 0:00:51]} 6. O-O {[%emt 0:00:18]} Bd6 {[%emt 0:00:47]} 7. Bg5 {[%emt 0:01:21]} h6 {[%emt 0:03:05]} 8. Bxf6 {[%emt 0:00:06]} Qxf6 {[%emt 0:00:07]} 9. Nbd2 {[%emt 0:00:03]} O-O {[%emt 0:07:53]} 10. a3 {[%emt 0:00:32]} a5 {[%emt 0:00:33]} 11. Qc2 {[%emt 0:01:18]} Re8 {[%emt 0:02:30]} 12. Rfc1 {[%emt 0:09:28]} Bf8 {[%emt 0:02:08]} 13. Rab1 {[%emt 0:01:31]} Qd8 {[%emt 0:07:24]} 14. c5 {[%emt 0:09:36]} Be6 {[%emt 0:00:46]} 15. b4 {[%emt 0:06:02]} axb4 {[%emt 0:00:59]} 16. axb4 {[%emt 0:00:02]} Ra2 {[%emt 0:01:14]} 17. Qd1 {[%emt 0:00:02]} Bd5 {[%emt 0:00:43]} 18. Ne1 {[%emt 0:08:00]} Bxg2 {[%emt 0:01:16]} 19. Kxg2 {[%emt 0:00:08]} Qd5+ {[%emt 0:01:48]} 20. Kg1 {[%emt 0:00:06]} Rea8 {[%emt 0:01:23]} 21. Nc2 {[%emt 0:00:29]} Nd8 {[%emt 0:01:55]} 22. Ra1 {[%emt 0:08:14]} Ne6 {[%emt 0:09:11]} 23. Rxa2 {[%emt 0:00:12]} Rxa2 {[%emt 0:00:06]} 24. Ra1 {[%emt 0:00:29]} Rxa1 {[%emt 0:02:19]} 25. Qxa1 {[%emt 0:00:09]} b6 {[%emt 0:00:19]} 26. cxb6 {[%emt 0:10:06]} cxb6 {[%emt 0:00:10]} 27. Qa6 {[%emt 0:00:12]} b5 {[%emt 0:00:47]} 28. Qc8 {[%emt 0:09:23]} h5 {[%emt 0:15:05]} 29. h4 {[%emt 0:04:36]} Qd8 {[%emt 0:04:18]} 30. Qxd8 {[%emt 0:03:43]} Nxd8 {[%emt 0:00:07]} 31. f4 {[%emt 0:07:41]} f6 {[%emt 0:08:37]} 32. fxe5 {[%emt 0:00:40]} fxe5 {[%emt 0:00:02]} 33. Nf3 {[%emt 0:00:23]} Nc6 {[%emt 0:00:32]} 34. Na3 {[%emt 0:00:07]} Na7 {[%emt 0:02:18]} 35. Nc2 {[%emt 0:00:43]} Nc6 {[%emt 0:00:12]} 36. Kf2 {[%emt 0:02:11]} Bd6 {[%emt 0:04:25]} 37. Na3 {[%emt 0:06:50]} Na7 {[%emt 0:00:12]} 38. Nc2 {[%emt 0:00:20]} Nc6 {[%emt 0:01:16]} 39. Na3 {[%emt 0:00:32]} Na7 {[%emt 0:00:06]} 40. Nc2 {[%emt 0:00:00]} 1/2-1/2

[Event "RUS-ch Boys U21 2020"]
[Site "Moscow"]
[Date "2020.12.08"]
[Round "1"]
[White "Pogosyan, Stefan"]
[Black "Makarian, Rudik"]
[Result "1-0"]
[WhiteElo "2430"]
[BlackElo "2441"]
[Annotator "broadcasts"]
[PlyCount "101"]
[EventDate "2020.12.08"]
[EventType "tourn"]
[EventCountry "RUS"]

1. e4 {[%emt 0:00:00]} e5 {[%emt 0:00:02]} 2. Nf3 {[%emt 0:00:00]} Nc6 {[%emt 0:00:06]} 3. Bb5 {[%emt 0:00:06]} Nf6 {[%emt 0:00:24]} 4. d3 {[%emt 0:00:13]} Bc5 {[%emt 0:01:04]} 5. Bxc6 {[%emt 0:00:09]} dxc6 {[%emt 0:00:06]} 6. O-O {[%emt 0:00:07]} Qe7 {[%emt 0:05:28]} 7. Nbd2 {[%emt 0:02:28]} Bg4 {[%emt 0:04:35]} 8. h3 {[%emt 0:02:46]} Bh5 {[%emt 0:02:06]} 9. Re1 {[%emt 0:04:47]} O-O-O {[%emt 0:14:45]} 10. Nf1 {[%emt 0:00:47]} Bg6 {[%emt 0:07:59]} 11. Qe2 {[%emt 0:10:21]} Nd7 {[%emt 0:07:26]} 12. c3 {[%emt 0:01:32]} Nf8 {[%emt 0:07:11]} 13. b4 {[%emt 0:05:45]} Bb6 {[%emt 0:05:46]} 14. a4 {[%emt 0:02:17]} a6 {[%emt 0:00:06]} 15. Ne3 {[%emt 0:03:35]} f6 {[%emt 0:03:45]} 16. b5 {[%emt 0:11:31]} Qd7 {[%emt 0:05:33]} 17. bxa6 {[%emt 0:03:51]} Qxd3 {[%emt 0:00:13]} 18. axb7+ {[%emt 0:00:28]} Kb8 {[%emt 0:01:52]} 19. Qa2 {[%emt 0:19:13]} Qa6 {[%emt 0:00:21]} 20. a5 {[%emt 0:01:00]} Ba7 {[%emt 0:04:07]} 21. Nc2 {[%emt 0:02:14]} c5 {[%emt 0:02:47]} 22. Rb1 {[%emt 0:02:02]} Ne6 {[%emt 0:00:35]} 23. Na3 {[%emt 0:01:32]} Bf7 {[%emt 0:09:11]} 24. Nb5 {[%emt 0:03:03]} Bb6 {[%emt 0:03:55]} 25. Ra1 {[%emt 0:08:44]} Ba7 {[%emt 0:00:57]} 26. Nxa7 {[%emt 0:00:33]} Kxa7 {[%emt 0:00:05]} 27. Rb1 {[%emt 0:00:35]} Rd7 {[%emt 0:04:26]} 28. Be3 {[%emt 0:02:47]} Rb8 {[%emt 0:01:25]} 29. Qa3 {[%emt 0:00:57]} Rxb7 {[%emt 0:01:23]} 30. Bxc5+ {[%emt 0:00:22]} Ka8 {[%emt 0:00:37]} 31. Be3 {[%emt 0:00:46]} Rb5 {[%emt 0:03:39]} 32. Qa4 {[%emt 0:02:42]} c6 {[%emt 0:00:03]} 33. Bb6 {[%emt 0:03:33]} Nf4 {[%emt 0:01:09]} 34. Qa3 {[%emt 0:01:26]} Kb7 {[%emt 0:00:45]} 35. Kh2 {[%emt 0:01:45]} Bc4 {[%emt 0:00:53]} 36. Red1 {[%emt 0:02:05]} Bd3 {[%emt 0:00:43]} 37. Rxb5 {[%emt 0:00:59]} Qxb5 {[%emt 0:00:14]} 38. Qf8 {[%emt 0:00:32]} c5 {[%emt 0:00:45]} 39. Qe8 {[%emt 0:01:10]} c4 {[%emt 0:01:57]} 40. Nd2 {[%emt 0:00:00]} Qc6 {[%emt 0:00:00]} 41. Nxc4 {[%emt 0:04:53]} Ka6 {[%emt 0:02:53]} 42. Ne3 {[%emt 0:05:15]} Rd6 {[%emt 0:02:48]} 43. Qxc6 {[%emt 0:00:51]} Rxc6 {[%emt 0:00:11]} 44. g3 {[%emt 0:00:10]} Bxe4 {[%emt 0:00:26]} 45. gxf4 {[%emt 0:00:16]} exf4 {[%emt 0:00:04]} 46. Nd5 {[%emt 0:00:57]} Bxd5 {[%emt 0:00:18]} 47. Rxd5 {[%emt 0:00:05]} Rxc3 {[%emt 0:00:03]} 48. Rd7 {[%emt 0:00:07]} g5 {[%emt 0:00:06]} 49. Rd6 {[%emt 0:00:35]} Kb7 {[%emt 0:00:35]} 50. Rxf6 {[%emt 0:00:07]} h5 {[%emt 0:00:03]} 51. Rg6 {[%emt 0:00:13]} 1-0

[Event "RUS-ch Boys U21 2020"]
[Site "Moscow"]
[Date "2020.12.08"]
[Round "1"]
[White "Ofitserian, Boris"]
[Black "Murzin, Volodar"]
[Result "0-1"]
[WhiteElo "2376"]
[BlackElo "2470"]
[Annotator "broadcasts"]
[PlyCount "32"]
[EventDate "2020.12.08"]
[EventType "tourn"]
[EventCountry "RUS"]

1. e4 {[%emt 0:00:21]} c5 {[%emt 0:04:32]} 2. Nf3 {[%emt 0:00:07]} d6 {[%emt 0:00:20]} 3. d4 {[%emt 0:06:25]} cxd4 {[%emt 0:00:20]} 4. Qxd4 {[%emt 0:00:05]} a6 {[%emt 0:01:31]} 5. h3 {[%emt 0:01:20]} Nc6 {[%emt 0:04:19]} 6. Qe3 {[%emt 0:00:09]} g6 {[%emt 0:02:38]} 7. c4 {[%emt 0:02:17]} Bg7 {[%emt 0:01:35]} 8. Nc3 {[%emt 0:00:28]} Nf6 {[%emt 0:00:09]} 9. Be2 {[%emt 0:02:41]} O-O {[%emt 0:00:36]} 10. Rb1 {[%emt 0:02:28]} Nd7 {[%emt 0:06:31]} 11. O-O {[%emt 0:04:41]} Qa5 {[%emt 0:02:16]} 12. Bd2 {[%emt 0:03:18]} Qc5 {[%emt 0:02:25]} 13. Rfc1 {[%emt 0:08:28]} Nde5 {[%emt 0:06:03]} 14. Nd5 {[%emt 0:10:13]} e6 {[%emt 0:07:00]} 15. Qf4 {[%emt 0:14:31]} exd5 {[%emt 0:06:25]} 16. cxd5 {[%emt 0:00:07]} Nd4 {[%emt 0:00:14]} 0-1

[Event "RUS-ch Boys U21 2020"]
[Site "Moscow"]
[Date "2020.12.09"]
[Round "2"]
[White "Triapishko, Alexandr"]
[Black "Ofitserian, Boris"]
[Result "1/2-1/2"]
[WhiteElo "2506"]
[BlackElo "2376"]
[Annotator "TA"]
[PlyCount "83"]
[EventDate "2020.12.08"]
[EventType "tourn"]
[EventCountry "RUS"]

{[%evp 27,83,16,17,25,37,19,35,21,25,0,18,14,8,-1,-7,-10,23,0,0,0,0,-1,-3,-10,-8,-12,0,-9,-7,-8,-8,-8,-8,-8,-8,-22,-14,-22,-20,-15,0,0,0,0,0,0,0,0,0,-3,-5,-8,-8,-8,-8,-8,-8,-16]} 1. Nf3 Nf6 2. c4 g6 3. Nc3 Bg7 4. e4 d6 5. d4 O-O 6. Be2 e5 7. dxe5 dxe5 8. Qxd8 Rxd8 9. Bg5 Re8 10. Nd5 Nxd5 11. cxd5 c6 12. Bc4 cxd5 13. Bxd5 Nc6 14. O-O-O Nb4 15. Bb3 {E92: King's Indian: Classical: 6 Be2 e5: 7 dxe5, 7 Be3 and Petrosian System without 7...Nbd7.} a5 16. Ba4 Nc6 17. Kb1 {White is slightly better.} Be6 18. Be3 {[#]} Rec8 $146 ({Predecessor:} 18... h6 19. a3 Rec8 20. Rd6 Bf8 21. Rd2 f6 22. Rc1 h5 23. Rdc2 Bd7 24. Nd2 Rd8 {1-0 (61) Pokorny,P (2215)-Janecek,J (2140) Czechia 2001}) 19. Rc1 Nd4 20. Bxd4 exd4 21. Bb5 b6 22. Rxc8+ Rxc8 {The position is equal.} 23. Bd3 Rc5 24. g3 g5 25. Re1 g4 26. Nh4 Be5 27. Nf5 a4 28. Ne7+ Kg7 29. Nd5 Bxd5 30. exd5 Rxd5 $11 {[%mdl 4096] Endgame KRB-KRB} 31. a3 Bd6 32. Re4 h5 33. Re8 Bc5 34. Kc2 Rd6 35. Kd2 Rf6 36. Ke2 Re6+ 37. Rxe6 fxe6 38. Bb5 {[#]} d3+ $1 {[%mdl 512]} 39. Bxd3 Bd4 40. Bb5 Bxb2 41. Bxa4 Bxa3 42. Be8 {A rather calm draw. Accuracy: White = 96%, Black = 96%.} 1/2-1/2

[Event "RUS-ch Boys U21 2020"]
[Site "Moscow"]
[Date "2020.12.09"]
[Round "2"]
[White "Nesterov, Arseniy"]
[Black "Salemgareev, Tagir"]
[Result "1/2-1/2"]
[WhiteElo "2498"]
[BlackElo "2463"]
[Annotator "TA"]
[PlyCount "82"]
[EventDate "2020.12.08"]
[EventType "tourn"]
[EventCountry "RUS"]

{[%evp 9,82,10,38,41,35,18,47,39,46,57,42,43,50,40,60,55,59,60,50,59,104,41,106,92,94,66,57,60,65,62,56,0,0,0,0,0,0,0,0,0,0,0,-12,-14,0,-100,0,0,29,29,23,34,27,25,25,24,25,24,24,21,20,0,0,0,0,0,0,0,0,0,0,0,0,0,0]} 1. d4 Nf6 2. c4 e6 3. Nf3 b6 4. g3 Ba6 5. Qc2 d5 6. cxd5 {E15: Queen's Indian: 4 g3 sidelines, 4 g3 Ba6 and 4 g3 Bb7 early deviations.} exd5 7. Bg2 Bd6 8. Nc3 {White is slightly better.} O-O 9. Bg5 c6 {[#]} 10. Bxf6 $146 ({Predecessor:} 10. O-O Nbd7 11. Rfe1 h6 12. Bxf6 Nxf6 13. a3 Re8 14. e3 Qd7 15. b4 Ne4 16. Rec1 {½-½ (24) Huang,Q (2439)-Zhao,X (2490) China 2010}) 10... Qxf6 11. O-O Qg6 12. Qb3 Bc4 13. Qd1 $1 Nd7 14. Re1 f5 15. Nd2 (15. Qa4 $16) 15... Ba6 {[#]} (15... f4 $14) 16. Nxd5 $1 $16 {[%mdl 512]} cxd5 17. Qa4 Nf6 18. Qxa6 f4 $1 {[%cal Rf4g3]} 19. Qb5 Kh8 {[%cal Rf4g3]} 20. Nf3 ({Much worse is} 20. Bxd5 $6 fxg3 21. hxg3 Bxg3 $15) (20. e3 $14 fxg3 21. hxg3) 20... fxg3 $11 21. hxg3 Rae8 22. Rac1 Bxg3 23. fxg3 Qxg3 24. Rf1 Ng4 25. Qb4 Ne3 {[%csl Ge3][%cal Rg3g2][%mdl 64] Double Attack} 26. Rf2 h5 27. Qe1 {[#]} (27. Qc3 $1 $11 {was the only way to keep the balance.}) 27... Rf6 (27... Rf4 $1 $17 {Strongly threatening ...Rg4.} 28. Kh1 g5) 28. Rc3 h4 29. Ne5 $1 h3 {[%mdl 64] ( -> ...Rxf2). Pin} ({But not} 29... Nxg2 $2 30. Rxg3 Nxe1 31. Rc3 $18) 30. Rxe3 $1 {[%mdl 64] Remove Defender, Decoy} Qxe3 31. Ng4 {[%mdl 64] Double Attack} Qg3 {[%mdl 64] Pin} 32. Nxf6 gxf6 33. Qc1 {Hoping for Qh6+.} Kh7 $1 34. Qc2+ Re4 $1 {The position is equal.} 35. Qc6 {Black must now prevent Qb7+.} h2+ $1 36. Kh1 Qxf2 {[%csl Gh2][%cal Rf2g1][%mdl 64] Double Attack} 37. Bxe4+ dxe4 38. Qxe4+ f5 {[%csl Gh2][%cal Rf2g1]} 39. Qb7+ Kh6 {[%csl Gh2][%cal Rf2g1]} 40. Qc6+ Kh7 $1 {[%csl Gh2][%cal Rf2g1]} 41. Qb7+ Kh6 {Weighted Error Value: White=0.08/Black=0.12} 1/2-1/2

[Event "RUS-ch Boys U21 2020"]
[Site "Moscow"]
[Date "2020.12.09"]
[Round "2"]
[White "Makarian, Rudik"]
[Black "Murzin, Volodar"]
[Result "1/2-1/2"]
[WhiteElo "2441"]
[BlackElo "2470"]
[Annotator "broadcasts"]
[PlyCount "102"]
[EventDate "2020.12.08"]
[EventType "tourn"]
[EventCountry "RUS"]

1. d4 {[%emt 0:00:00]} Nf6 {[%emt 0:00:00]} 2. c4 {[%emt 0:00:00]} g6 {[%emt 0:00:00]} 3. Nc3 {[%emt 0:00:00]} Bg7 {[%emt 0:00:00]} 4. e4 {[%emt 0:00:02]} O-O {[%emt 0:00:03]} 5. Be2 {[%emt 0:00:21]} d6 {[%emt 0:00:21]} 6. Be3 {[%emt 0:00:06]} e5 {[%emt 0:00:21]} 7. d5 {[%emt 0:00:06]} Na6 {[%emt 0:00:43]} 8. g4 {[%emt 0:00:06]} Nc5 {[%emt 0:00:05]} 9. f3 {[%emt 0:00:06]} a5 {[%emt 0:00:14]} 10. h4 {[%emt 0:00:07]} h5 {[%emt 0:00:18]} 11. g5 {[%emt 0:00:04]} Nfd7 {[%emt 0:00:47]} 12. Qd2 {[%emt 0:05:47]} Na6 {[%emt 0:04:34]} 13. Nh3 {[%emt 0:06:16]} Ndc5 {[%emt 0:03:10]} 14. Nf2 {[%emt 0:00:22]} c6 {[%emt 0:14:16]} 15. O-O-O {[%emt 0:06:41]} a4 {[%emt 0:04:14]} 16. Kb1 {[%emt 0:36:57]} Bd7 {[%emt 0:07:41]} 17. Nd3 {[%emt 0:03:13]} Nxd3 {[%emt 0:11:57]} 18. Bxd3 {[%emt 0:01:20]} c5 {[%emt 0:02:40]} 19. a3 {[%emt 0:02:39]} Nc7 {[%emt 0:03:24]} 20. f4 {[%emt 0:01:50]} exf4 {[%emt 0:18:40]} 21. Bxf4 {[%emt 0:00:06]} Ra6 {[%emt 0:00:12]} 22. Rde1 {[%emt 0:14:43]} b5 {[%emt 0:03:37]} 23. cxb5 {[%emt 0:08:31]} Bxc3 {[%emt 0:00:26]} 24. Qxc3 {[%emt 0:00:05]} Bxb5 {[%emt 0:00:08]} 25. Bc2 {[%emt 0:02:35]} Rb6 {[%emt 0:00:08]} 26. Qf6 {[%emt 0:02:33]} Bd7 {[%emt 0:05:25]} 27. Qxd8 {[%emt 0:04:24]} Rxd8 {[%emt 0:00:01]} 28. Rh2 {[%emt 0:00:31]} Nb5 {[%emt 0:01:02]} 29. Kc1 {[%emt 0:01:40]} Nd4 {[%emt 0:00:28]} 30. Bd1 {[%emt 0:00:03]} Re8 {[%emt 0:12:41]} 31. Re3 {[%emt 0:01:18]} Bb5 {[%emt 0:03:07]} 32. Rd2 {[%emt 0:00:46]} Ra6 {[%emt 0:00:15]} 33. Bc2 {[%emt 0:00:36]} Bc4 {[%emt 0:01:47]} 34. Kd1 {[%emt 0:01:24]} Kh7 {[%emt 0:03:09]} 35. Kc1 {[%emt 0:00:20]} Kg8 {[%emt 0:00:08]} 36. Kd1 {[%emt 0:00:05]} Kh7 {[%emt 0:00:04]} 37. Rc3 {[%emt 0:02:08]} Bb5 {[%emt 0:01:26]} 38. Bb1 {[%emt 0:00:18]} Kg8 {[%emt 0:00:22]} 39. Bg3 {[%emt 0:00:27]} Bd7 {[%emt 0:00:45]} 40. Rf2 {[%emt 0:00:00]} Rb6 {[%emt 0:00:00]} 41. Kc1 {[%emt 0:17:58]} Bf5 {[%emt 0:14:11]} 42. Re3 {[%emt 0:06:02]} Rb3 {[%emt 0:01:11]} 43. Rxb3 {[%emt 0:03:10]} Nxb3+ {[%emt 0:00:09]} 44. Kd1 {[%emt 0:00:03]} Bxe4 {[%emt 0:00:05]} 45. Bxe4 {[%emt 0:00:15]} Rxe4 {[%emt 0:00:00]} 46. Rf4 {[%emt 0:02:03]} Re3 {[%emt 0:03:05]} 47. Bf2 {[%emt 0:01:26]} Rd3+ {[%emt 0:00:23]} 48. Kc2 {[%emt 0:00:15]} c4 {[%emt 0:01:31]} 49. Ba7 {[%emt 0:03:39]} Na1+ {[%emt 0:00:38]} 50. Kc1 {[%emt 0:00:04]} Nb3+ {[%emt 0:01:19]} 51. Kc2 {[%emt 0:00:04]} Na1+ {[%emt 0:00:24]} 1/2-1/2